Statistiques concernant 9ème génération pokemon (écarlate et violet)

Cliquez ici pour prendre le quiz!

Statistiques générales

  • Ce quiz a été pris 104 fois
  • Le résultat moyen est 53 sur 104

Statistiques - réponses

HintRéponse% Correct
1poussacha
96%
4Chochodile
87%
104Miraidon
85%
7Coiffeton
84%
3Miascarade
84%
103Koraidon
81%
6Flâmigator
79%
102Garde-de-Fer
74%
87Hotte-de-Fer
72%
9Palmaval
72%
2Matourgeon
69%
101Rugit-Lune
68%
88Paume-de-Fer
66%
5Crocogril
65%
91Épine-de-Fer
65%
83Flotte-Mèche
65%
90Mite-de-Fer
65%
16Pohm
65%
86Roue-de-Fer
65%
80Fort-Ivoire
63%
10Gourmelet
63%
81Hurle-Queue
63%
18Pohmarmotte
63%
17Pohmotte
62%
8Canarbello
60%
35Malvalame
59%
89Têtes-de-Fer
59%
100Yuyu
59%
12Tissenboule
57%
69Ferdeter
56%
63Lestombaile
56%
11Fragroin
54%
94Glaivodo
54%
96Gromago
54%
95Mordudor
54%
34Carmadura
53%
92Frigodo
53%
25Olivini
53%
20Terraiste
53%
98Baojian
51%
33Charbambin
51%
93Cryodo
51%
82Fongus-Furie
51%
79Nigirigon
51%
85Pelage-Sablé
51%
77Scalpereur
51%
32Courrousinge
50%
64Dofin
50%
39Fulgulairo
50%
65Superdofin
50%
27Arboliva
49%
13Filentrappe
49%
84Rampe-Ailes
49%
61Taupikeau
49%
62Triopikeau
49%
38Zapétrel
49%
51Craparoi
47%
26Olivado
47%
49Terracool
47%
24Briochien
46%
78Délestin
46%
99Dinglu
46%
22Famignol
46%
23Pâtachiot
46%
50Terracruel
46%
76Balbalèze
44%
42Farigiraf
44%
15Gambex
44%
31Gigansel
44%
54Léboulérou
44%
53Scovilain
44%
30Amassel
43%
21Compagnol
43%
74Flamenroule
43%
60Forgelina
43%
52Pimito
43%
55Bérasca
41%
40Deusolourdo
41%
14Lilliterelle
41%
29Selutin
41%
72Toutombe
41%
66Vrombi
41%
67Vrombotor
41%
97Chongjian
40%
57Cléopsytra
40%
43Grondogue
40%
37Ampibidou
38%
44Dogrino
38%
71Floréclat
38%
70Germéclat
38%
75Piétacé
38%
46Tag-Tag
38%
28Tapatoès
38%
36Têtampoule
38%
73Tomberro
37%
58Forgerette
35%
48Virevorreur
35%
47Virovent
35%
56Flotillon
34%
68Motorizard
32%
59Forgella
31%
19Axoloto
25%
45Gribouraigne
25%
41Haydaim
3%

Distribution des résultats

Percentile par nombre de réponses

% des personnes avec chaque résultat

Votre développement - résultats

Vous n’avez pas pris ce quiz